000 00554 a2200169 4500
999 _c5816
_d5816
020 _a9780321589033
050 _aTP 248.2 THI 2009
100 _aThieman, William
_eauthor
245 _aIntroduction to Bio-technology /
_c William Thieman and Michael A. Palladino
250 _a2nd ed.
264 _aSan Francisco:
_bPearson Education,
_c2009
300 _a387p.:
_bill.(col.)
500 _aIncludes bibliographical references and index
650 _aBiotechnology
700 _aPalladino, Michael A.
_eauthor
942 _2lcc
_cBK
_e2nd ed.
_h248.2
_iTHI
_kTP